Statistics for Bill Murray Movies Quiz

Click here to take the quiz!

General Stats

  • This quiz has been taken 14,836 times
    (4,595 since last reset)
  • The average score is 9 of 15

Answer Stats

Description Movie % Correct
Paranormal exterminators battle a marshmallow manGhostbusters
99%
Self-centered weatherman lives the same day over and overGroundhog Day
95%
Hilarity ensues as an ornery orange cat must rescue a stupid slobbering dogGarfield
83%
Bill Murray and Michael Jordan play basketball with Looney Tunes charactersSpace Jam
83%
A country club is plagued by gophers, and one dim-witted groundskeeper must kill them allCaddyshack
72%
Trio of foxy detectives fight crimeCharlie's Angels
68%
While in Tokyo, an aging American movie star has a potentially innappropriate
relationship with a much-younger woman
Lost in Translation
62%
TV executive is a modern-day Ebenezer ScroogeScrooged
59%
A zombie virus has decimated the world's population, but Bill Murray
still lives in comfort in his mansion
Zombieland
57%
Two slackers join the army and accidentally invade Eastern Europe while trying to get laidStripes
43%
Psychiatric patient follows his therapist on vacation and drives him insaneWhat About Bob?
43%
Art experts rescue priceless artworks stolen by the NazisThe Monuments Men
43%
Plucky young bowler must defeat an evil older bowlerKingpin
42%
Modern-day Jacques Cousteau searches for an elusive sharkThe Life Aquatic with
Steve Zissou
36%
Quirky family of former child prodigies must deal with their scheming fatherThe Royal Tenenbaums
33%

Score Distribution

Percentile by Number Answered

Percent of People with Each Score

Your Score History

You have not taken this quiz since the last reset